01363 a2200241 45000010006000000050017000060080041000230030015000640400040000790800053001192450040001720200018002122500012002302640041002423000042002835050675003250410008010001000016010087000025010247000019010497000022010687000031010903418020260407155630.0260407a1995 arg spa dAR-UNSa-BCEJYS aAR-UNSa-BCEJYSbspacAR-UNSa-BCEJYS a517.1xIntroducción al análisis. (Cálculo)10aCálculo y geometría analítica a84-481-1768-9 a5a. ed. 1aMadrid :bEdiciones Pirámidec1995 a2v.(ix,770; xvii,774-1351 p.)c26 cm. aVol I: 1. El plano cartesiano. Funciones - 2. Límites y sus propiedades - 3. Derivación - 4. Aplicaciones de la derivación - 5. Integración - 6. Aplicaciones dela integración - 7. Funciones logarítmicas y exponenciales - 8. Funciones trigonométricas y sus inversas - 9. Técnicas de integración. Integrales impropias - 10. Series infinitas - Vol. II: 11. Cónicas - 12. Curvas en el plano, ecuaciones paramétricas y coordenadas polares - 13. Vectores y curvas en el plano - Geometría analítica y vectores en el espacio - 15. Funciones de varias variables - 16. Integración múltiple - 17. Análisis vectorial - 18. Ecuaciones diferenciales.  aspa1 aLarson, Ron1 aHostetler, Robert P.1 aHeyd, David E.1 aEdwards, Bruce H.1 aAbellanas Rapún, Lorenzo